NLP v praxi neurolingvistické programování jako cesta k osobní jedinečnosti

Guardado en:
Detalles Bibliográficos
Autor principal: Knight, Sue
Otros Autores: Lisa, Aleš
Formato: Libro
Lenguaje:checo
Publicado: Praha Management Press 2011
Materias:
Etiquetas: Agregar Etiqueta
Sin Etiquetas, Sea el primero en etiquetar este registro!

MARC

LEADER 00000nam a2200000 4500
001 0134109
005 20240226103222.4
020 |a 978-80-7261-231-4 
041 0 |a cze 
044 |a CZ 
245 1 0 |a NLP v praxi  |b neurolingvistické programování jako cesta k osobní jedinečnosti  |c Sue Knight ; přeložil: Aleš Lisa 
264 1 |a Praha  |b Management Press  |c 2011 
300 |a 370 s. 
610 2 0 |a komunikácia 
610 2 0 |a komunikácia interpersonálna 
610 2 0 |a koučovanie 
610 2 0 |a osobnosť 
610 2 0 |a úspech pracovný 
610 2 0 |a modelovanie 
610 2 0 |a programovanie 
610 2 0 |a modely riadenia 
610 2 0 |a predaj 
610 2 0 |a psychológia 
100 1 |a Knight, Sue 
700 1 |a Lisa, Aleš